• 首页
  • 本馆介绍
  • 公告通知
  • 最新文献
  • 馆藏检索
  • 电子资源
  • 读者荐购
  • 参考咨询
  • CALIS
  • 我的图书馆
  • 登录
  • 详细信息显示
  • 放入我的书架
  • 预约/预借图书
  • 作者相关作品
  • 分类相关作品
  • 丛书相关作品
  • 出版社相关作品

书目信息

  • 表格格式
  • 工作单格式
  • 卡片格式
题名:
速成汉语口语问与答
    
 
作者: 陈晓桦 , 朱匡侯 编著
分册:  
出版信息: 北京   北京大学出版社  1998.11
页数: 124页
开本: 26cm
丛书名:
单 册:
中图分类: H193.2
科图分类:
主题词: 汉语--语言教学
电子资源:
ISBN: 7-301-03636-1
 
 
 
 
 
000 00635nam0 2200205 450
001 0434088192
005 20041223092807.69
010    @a7-301-03636-1@dCNY 20.00
100    @a20041223d1998 km y0chiy0120 ea
101 0  @achi
102    @aCN@b110000
200 1  @a速成汉语口语问与答@Asu cheng han yu kou yu wen yu da@f陈晓桦,朱匡侯编著@Fchen xiao hua,zhu kuang hou bian zhu
210    @a北京@c北京大学出版社@d1998.11
215    @a124页@d26cm
606 0  @a汉语@x语言教学
690    @aH193.2@v4
701  0 @a陈晓桦@Achen xiao hua@4编著
701  0 @a朱匡侯@Azhu kuang hou@4编著
801  0 @aCN@bPFT@c20041223
905    @a10447@dH193.2@eC590
    
    速成汉语口语问与答/陈晓桦,朱匡侯编著.-北京:北京大学出版社,1998.11
    124页;26cm
    
    
    ISBN 7-301-03636-1:CNY 20.00
    
●
相关链接 在E读中查询图书 在当当中查询图书 在豆瓣中查询图书


正题名:速成汉语口语问与答     索取号:H193.2/C590         预约/预借

序号 登录号 条形码 馆藏地/架位号 状态 备注
1 209825   202098256   语言库209/209语言库 77排3列1层/ [索取号:H193.2/C590] 在馆    
河南城建学院图书馆 欢迎您!
大连网信软件有限公司© 版权所有